| 000 | 01014nam a2200229Ia 4500 | ||
|---|---|---|---|
| 001 | 9283 | ||
| 003 | GE_BSU | ||
| 008 | 181216s||||||||xx |||||||||||||| ||und|| | ||
| 040 | _cGE_BSU | ||
| 080 | _a821.353.1-32 | ||
| 100 | _aლორთქიფანიძე,ნიკო | ||
| 245 | _aდანგრეული ბუდეები | ||
| 245 | _bმოთხრობები:მრისხანე ბატონი;რაინდები;დანგრეული ბუდეები;შელოცვა რადიოთი. | ||
| 260 | _aტფილისი. | ||
| 260 | _bსახელგამი | ||
| 260 | _c1933. | ||
| 300 | _a307გვ;16სმ. | ||
| 300 | _b1ფ.პორტრ. | ||
| 653 | _aდანგრეული ბუდეები | ||
| 653 | _aმოთხრობები:მრისხანე ბატონი;რაინდები;დანგრეული ბუდეები;შელოცვა რადიოთი. | ||
| 942 | _cBK | ||
| 999 |
_c42581 _d42581 |
||